Viabilidad hidráulica de la Zona Metropolitana de la Ciudad de México: contexto internacional, nacioanl y local /

Gorde:
Xehetasun bibliografikoak
Egile nagusia: Lahera Ramón, Virginia
Formatua: Texto
Etiketak: Etiketa erantsi
Etiketarik gabe, Izan zaitez lehena erregistro honi etiketa jartzen!

MARC

LEADER 00000 a a2200000 04500
001 7577
003
040
100 |a Lahera Ramón, Virginia  
245 |a Viabilidad hidráulica de la Zona Metropolitana de la Ciudad de México:   |b contexto internacional, nacioanl y local /  |c Virginia Lahera Ramón 
773 |g volumen 18, número 2 (53); páginas 387-411  
999 |c 27203  |d 27203